000 00385nam a2200145Ia 4500
008 231129s1974||||xx |||||||||||||| ||spa||
020 _a84-02-23544-2
040 _bspa
082 _a947.0841 S682r
100 _aSoglian Franco
245 0 _aLa revolucion rusa
260 _c1974
264 _aBarcelona EspaƱa : Bruguera
942 _2ddc
_cBKS
999 _c18150
_d18150